000 00814nam a22002777a 4500
001 9506
003 FISKH
005 20260115163123.0
008 260115b cb ||||| |||| 00| 0 eng d
020 _a9780545007290
040 _aFISKH
_beng
_cFISKH
_dFISKH
050 _aQB501.3 .B388
082 _a523.2
100 _aBauer, Jeff
_eAuthor
245 _aThe solar system :
_bScience vocabulary readers /
_cJeff Bauer
260 _aNew York :
_bScholastic Inc. ,
_c2007
300 _a16 pages :
_bphotographs ;
_c23 cm
505 _aN
520 _aThe solar system is our neighborhood in space. Open this book to take a tour!.
521 8 _a550
_bLexile
521 8 _aN
_bRaz-Plus
650 _aAstronomy
_vSolar system
650 _aEarth and sky
_vSpace
942 _2ddc
_cBK
_n0
999 _c9506
_d9506